Представление документа в формате RUSMARC

ПолеНазваниеЗначение
  Тип записи a
  Библиографический уровень m
001 Контрольный номер 4bc1d7935c4b4c9da09a73deb0e5334c
005 Дата корректировки 20250925141821.4
010 Индекс ISBN __
a ISBN 978-5-378-35157-2
b Уточнения в пер.
100 Данные общей обработки __
a Данные общей обработки 20250804d 0rusy0189## ca
101 Язык документа 0_
a Язык текста rus
102 Страна публикации __
a Страна публикации RU
200 Заглавие и сведения об ответственности 1_
a Заглавие Тайна капсулы времени
f Первые сведения об ответственности Константин Хотимченко
g Последующие сведения об ответственности [худож.: Алиса Дьяченко]
210 Выходные данные 1_
a Место издания Ростов-на-Дону
c Издательство Проф-Пресс
d Дата издания 2024
215 Физическое описание __
a Объем 125, [3] с.
c Иллюстрации/тип воспроизводства ил.
225 Серия 2_
a Серия Детский детектив
333 Примечание о целевом назначении __
a Примечание о целевом назначении 6+
606 Тематические рубрики 0_
a Основная рубрика Русская детская литература, 21 в.
610 Ключевые слова 0_
a Ключевые слова детские детективы; детективные приключения; расследования (х. л.); юные детективы (х. л.); загадочные события (х. л.); тайны (х. л.); кражи (х. л.)
686 Индексы других классификаций __
a Классификационный индекс Р2
700 Автор _1
a Фамилия Хотимченко
b Имя (инициалы) К.
g Полное личное имя Константин
801 Источник записи _0
a Страна RU
b Организация УОБДЮ
c Дата составления 20250804
g Правила каталогизации RCR
801 Источник записи _1
a Страна RU
b Организация УОБДЮ
c Дата составления 20250804
g Правила каталогизации RCR
830 Общее примечание каталогизатора __
a Текст примечания Д
852 Данные о местонахождении __
i Авторский знак Х 85
j Шифр хранения Р2
900 Электронные ресурсы __
a Имя электронного ресурса 591549
901 Тип документа __
t Тип документа m
905 Данные по созданию БЗ __
b Логин пользователя, который создал БЗ imm
b Логин пользователя, который создал БЗ o8
a Дата создания БЗ 202510
909 Создатель записи __
b Дата создания записи 20250804